000 00511nam a2200181Ia 4500
003 GCL
008 140319s9999 xx 000 0 ara d
040 _aGCL /
_cGCL
082 0 4 _a823.03
_bم ح
100 1 _aسليم الاسيوطى (مترجم)
245 1 0 _aحد الموسى /
_cسليم الاسيوطى (مترجم)
700 1 _aموم , سومرست
300 _a481 ص
490 _aالالف كتاب
_v0
650 0 4 _aالادب
650 0 4 _aالادب الانجليزى
942 _2ddc
_cBK
999 _c41808
_d41808